000 00736nam a2200205 a 4500
001 000043126
005 20201002040645.0
008 140220s2003 sp 001 0 spa d
040 _aDO-SdBNP
_bspa
_cBNPHU
100 1 _aCastañeda, Jorge,
_d1953-
_970673
245 1 3 _aLa Vida en Rojo :
_buna Biografía del Che Guevara /
_cJorge C. Castañeda ; prólogo de Ramón Pérez Maura.
260 _a[Madrid] :
_bFolio,
_c2003.
300 _a557 p. ;
_c22 cm.
490 1 _aLa Vida en Rojo
_v17
500 _aEd. especial para este periódico
500 _aIncluye índice
504 _aIncluye referencias bibliográficas y notas al pie de las páginas
700 1 2 _aPérez Maura, Ramón
_epról.
_970674
830 0 _aLa Vida en Rojo
_970675
999 _c42615
_d42615